General correspondence of Clough and his wife, Blanche,

Bibliographic Details
Corporate Author: Adam Matthew Digital (Firm) (digitiser.)
Format: eBook
Language:English
Published: Marlborough, Wiltshire : Adam Matthew Digital, 2019.
Series:AM Scholar: Literary Studies.
Subjects:
Online Access:Connect to the full text of this electronic book

MARC

Tag First Indicator Second Indicator Subfields
LEADER 00000cam a2200000Mi 4500
001 in00005478024
006 m o d
007 cr |||||||||||
008 230215s2019 enk o 010 p eng d
005 20240917155332.0
035 |a (OCoLC)on1370185856 
040 |a UKAMD  |b eng  |c UKAMD  |d OCLCF  |d OCLCO  |d OCLCL 
035 |a (OCoLC)1370185856 
049 |a TXAM 
245 0 0 |a General correspondence of Clough and his wife, Blanche,  |f 1849-1850. 
264 1 |a Marlborough, Wiltshire :  |b Adam Matthew Digital,  |c 2019. 
300 |a 1 online resource. 
336 |a text  |b txt  |2 rdacontent 
337 |a computer  |b c  |2 rdamedia 
338 |a online resource  |b cr  |2 rdacarrier 
490 1 |a AM Scholar: Literary Studies 
500 |a Collection: Nineteenth Century Literary Manuscripts. Part 3: The Correspondence and Literary Manuscripts of Arthur Hugh Clough (1819-1861) from the Bodleian Library, Oxford. 
535 1 |a Bodleian Library, University of Oxford 
542 |f Bodleian Library, University of Oxford 
600 1 0 |a Clough, A. H.,  |c Mrs.,  |d 1828-1904. 
600 1 0 |a Clough, Arthur Hugh,  |d 1819-1861. 
600 1 7 |a Clough, Arthur Hugh,  |d 1819-1861  |2 fast  |1 https://id.oclc.org/worldcat/entity/E39PBJyCJYqd6htVGWrrJB7T73 
655 7 |a Electronic books.  |2 local 
710 2 |a Adam Matthew Digital (Firm),  |e digitiser. 
830 0 |a AM Scholar: Literary Studies. 
856 4 0 |u http://proxy.library.tamu.edu/login?url=https://www.amscholar.amdigital.co.uk/Documents/Details/NCLM_Part3_Reel2_Vol2  |z Connect to the full text of this electronic book  |t 0 
955 |a Adam Matthew Scholar Literacy Studies 
994 |a 92  |b TXA 
999 f f |s 04e9f51f-6614-45e5-a330-69c18a3a0914  |i 921c1747-8261-454f-9518-a3a81e8a59b5  |t 0 
952 f f |a Texas A&M University  |b College Station  |c Electronic Resources  |d Available Online  |t 0  |h Library of Congress classification 
998 f f |t 0  |l Available Online